Conceptos en genética animal

Saved in:
Bibliographic Details
Main Author: Magofke Serendero, Juan Carlos (autor)
Other Authors: Mansilla Martínez, Alberto (autor), Neira Roa, Roberto Fernando (autor)
Format: Book
Language:Spanish
Published: Santiago Universidad de Chile 1979
Series:Serie Publicación Docente, 2
Subjects:
Tags: Add Tag
No Tags, Be the first to tag this record!

MARC

LEADER 00000nam a2200000 a 4500
001 UCQ3978
003 CL-VaPUC
008 980829e19790000CL |||||||||||||||||spa|d
082 0 4 |a 591.15  |b MAG  |2 21 
100 |a Magofke Serendero, Juan Carlos  |e autor  |9 418166 
700 |a Mansilla Martínez, Alberto  |e autor  |9 418167 
700 |a Neira Roa, Roberto Fernando  |e autor  |9 437360 
245 1 0 |a Conceptos en genética animal 
300 |a 135 p 
942 |c BK 
945 |d 19980829 00:00:00  |a aarredon 
260 |a Santiago  |b Universidad de Chile  |c 1979 
650 7 |a GENETICA ANIMAL  |2 CL-VaPUC  |9 261227 
650 0 |a Animales   |9 269820 
650 0 |a Producción   |9 263680 
650 0 |a Genes  |9 330314 
650 7 |a GAMETOS  |2 CL-VaPUC  |9 418169 
583 |a last modification  |c 19980829 00:00:00  |k Rodrigo Vera 
490 0 |a Serie Publicación Docente, 2 
999 |c 274484  |d 274482